000
00199 a2200097 4500
001
2693
100
_a
Templewood, V
245
_a
Wine troubled years
260
_a
_b
Collins
_c
090
_c
1989
_d
1989
942
_a
NUST-CAE
_c
M
_c
10990
999
_c
237766
_d
237766